Na český trh prichádzajú hypotekárne dlhopisy

Príprava nového zákona o hypotékach v ČR. Predpokladaný vplyv zákona na český kapitálový trh a české banky. Hypotekárne dlhopisy ako atraktívna forma motivácie pre českých investorov. Zahraniční investori. Bytová otázka v ČR a jej riešenie formou zákona o hypotékach. Úverovanie dlhopisov.

Saved in:
Bibliographic Details
Format: Book Chapter
Language:Slovak
Subjects:
Tags: Add Tag
No Tags, Be the first to tag this record!

MARC

LEADER 00000naa a2200000 4500
001 r019520
005 20221213100932.6
041 0 |a slo 
044 |a SK 
245 1 0 |a Na český trh prichádzajú hypotekárne dlhopisy 
520 |a Príprava nového zákona o hypotékach v ČR. Predpokladaný vplyv zákona na český kapitálový trh a české banky. Hypotekárne dlhopisy ako atraktívna forma motivácie pre českých investorov. Zahraniční investori. Bytová otázka v ČR a jej riešenie formou zákona o hypotékach. Úverovanie dlhopisov. 
610 2 0 |a trh kapitálový 
610 2 0 |a dlhopisy hypotekárne 
610 2 0 |a listy záložné 
610 2 0 |a dlhopisy 
610 2 0 |a zákony 
610 2 0 |a investori 
610 2 0 |a úver hypotekárny 
610 2 0 |a pôžičky obyvateľstvu 
610 2 0 |a bývanie 
610 2 0 |a Česko